000 00569nam a2200181Ia 4500
008 090711s9999 xx 000 0 und d
082 _b51126
100 _aपालखीवाला नानी ए.
245 _aवुइ दी पीपल
260 _c1985
300 _a394
600 _aपालखीवाला नानी ए.
630 _aवुइ दी पीपल
700 _aवाळिंबे वि. स.
700 _aपालखीवाला नानी ए.
730 _aवुइ दी पीपल
942 _cBOOK
999 _c294127
_d294127